000 00641nam a2200181Ia 4500
005 20260601193253.0
008 260601s9999||||xx |||||||||||||| ||und||
020 _a978-3-031-58878-5
_qebk
100 _aPhan Cong Vinh
245 0 _aContext-Aware Systems and Applications
250 _a2024
260 _aHeidelberg, Germany
_bSpringer Nature
_c2024
440 _aLecture Notes of the Institute for Computer Sciences, Social Informatics and Telecommunications Engineering
650 _aComputer Science
700 _aNguyen Thanh Tung
856 _uhttps://link.springer.com/openurl?genre=book&isbn=978-3-031-58878-5
942 _cEB
_2ddc
999 _c56797
_d56797